000 00280nam a22001217a 4500
082 _a620.106
100 _aGiles, Ranald
245 _aFLUID MECHANICS AND HYDRAULICS
260 _aNew Dehli
_bTata McGraw Hill
_c2011.
300 _a362 p. ;
500 _aPaperback.
942 _cBK
999 _c33168
_d33168